Central Library OPAC University of Rajshahi

গণকল্যাণ রাষ্ট্র ও জনশাসন / (Record no. 71125)

MARC details
000 -LEADER
fixed length control field 01144nam a2200253 a 4500
001 - CONTROL NUMBER
control field 71125
003 - CONTROL NUMBER IDENTIFIER
rucl marc code BD-RjUL
005 - DATE AND TIME OF LATEST TRANSACTION
control field 20211209082059.0
008 - FIXED-LENGTH DATA ELEMENTS--GENERAL INFORMATION
fixed length control field 170426s1964 bg ||||| |||| 00| 0 ben d
020 ## - INTERNATIONAL STANDARD BOOK NUMBER
Terms of availability : TK. 2.50
035 ## - SYSTEM CONTROL NUMBER
System control number (BD-RjUL)71340
040 ## - CATALOGING SOURCE
Original cataloging agency BD-RjUL
Language of cataloging ben
Transcribing agency BD-RjUL
Modifying agency BD-RjUL
041 ## - LANGUAGE CODE
Language code of text/sound track or separate title ben
082 ## - DEWEY DECIMAL CLASSIFICATION NUMBER
Edition number 23
Classification number 351
Author mark and year APG 1964
100 ## - MAIN ENTRY--PERSONAL NAME
Personal name এ্যাপেলবী, পল এইচ.
9 (RLIN) 211821
245 10 - TITLE STATEMENT
Title গণকল্যাণ রাষ্ট্র ও জনশাসন /
Statement of responsibility, etc. পল এইচ. এ্যাপেলবী ; অনুবাদ, এ. টি. এম. শামসুদ্দীন
246 ## - VARYING FORM OF TITLE
Title proper/short title Public administration for a welfare state / Paul H. Appleby
260 ## - PUBLICATION, DISTRIBUTION, ETC. (IMPRINT)
Place of publication, distribution, etc. ঢাকা :
Name of publisher, distributor, etc. ন্যাশনাল ইন্সটিটিউট অব পাবলিক এডমিনিষ্ট্রেশন,
Date of publication, distribution, etc. ১৯৬৪.
300 ## - PHYSICAL DESCRIPTION
Pagination ৬৬ পৃ. ;
Size ২৪ সেমি.
650 ## - SUBJECT ADDED ENTRY--TOPICAL TERM
Topical term or geographic name as entry element লোক প্রশাসন
9 (RLIN) 210436
Topical term or geographic name as entry element Public administration
9 (RLIN) 210437
700 ## - ADDED ENTRY--PERSONAL NAME
Personal name শামসুদ্দীন, এ. টি. এম. ,অনুবাদক
942 ## - ADDED ENTRY ELEMENTS (KOHA)
Source of classification or shelving scheme Dewey Decimal Classification
Koha item type Books
Holdings
Lost status Source of classification or shelving scheme Damaged status Not for loan Collection code Permanent Location Current Location Shelving location Date acquired Source of acquisition Cost, normal purchase price Total Checkouts Full call number Date last seen Copy number Koha item type
  Dewey Decimal Classification   Not For Loan Non-fiction Central Library, University of Rajshahi Central Library, University of Rajshahi Reading Room 05/10/1977 Mohiuddin And Sons, Dhaka 2.50   B 351 APG 1964 26/04/2017 C-1 Books